| 000 | 01394cad a22002295a 4500 | ||
|---|---|---|---|
| 001 | L146442 | ||
| 008 | 090121s2009 xxkd f s 000 0 eng d | ||
| 035 | _a(Sirsi) u146442 | ||
| 041 | 0 | _aeng | |
| 050 | 0 | 4 | _a333.332 $2 18 |
| 110 | 2 |
_aKing Sturge _93877 |
|
| 245 | 0 | 0 |
_aKing Sturge property predictions 2009 _h[electronic resource] |
| 260 |
_a[S.l.] _bKing Sturge _c2009 |
||
| 520 | _aConsiders the broad economic and property outlook for 2009, making predictions for all UK property sectors. Suggests that a two tier market is emerging with only well let income-producing prime property in the UK producing a steady return, and that secondary and tertiary un-let property will continue to fall in capital value by more than 20%. Observes that the fear of empty rates taxation is exacerbating the problem. Predicts that average house prices will fall by another -15 to -20% in 2009. Includes some discussion of the community infrastructure levy and planning. Concludes that the energy-climate era has arrived. | ||
| 590 | _aKA NTK | ||
| 650 | 2 | 4 | _aCOMMUNITY INFRASTRUCTURE LEVY |
| 651 | 4 |
_aUnited Kingdom _y |
|
| 690 | _aPROPERTY-COMMERCIAL PROPERTY-COMMERCIAL PROPERTY MARKET | ||
| 690 | _aPROPERTY-COMMERCIAL PROPERTY-OFFICE PROPERTY | ||
| 856 | 4 | 0 |
_uhttps://www.kingsturge.com/ _zView the research report free of charge (registration required) at www.kingsturge.com... |
| 942 | _n0 | ||
| 999 |
_c109170 _d109170 |
||